[Event "Vall del Tenes op 3rd"]
[Site "Santa Eulalia de Roncana"]
[Date "2014.05.23"]
[Round "5"]
[White "Argemi Camp, Jaume"]
[Black "Riera Mestres, Josep"]
[Result "0-1"]
[WhiteElo "1885"]
[BlackElo "1791"]
[PlyCount "172"]
[EventDate "2014.04.25"]
[EventType "swiss"]
[EventRounds "8"]
[EventCountry "ESP"]
[SourceTitle "CBM 160 Extra"]
[Source "ChessBase"]
[SourceDate "2014.07.01"]
[SourceVersion "1"]
[SourceVersionDate "2014.07.01"]
[SourceQuality "1"]

1. e4 c5 2. g3 Nc6 3. Bg2 g6 4. d3 Bg7 5. c3 e6 6. Nf3 Nge7 7. 0-0 0-0 8. a4 Qc7 9. Be3 b6 10. Bc1 Bb7 11. Nbd2 d5 12. exd5 Nxd5 13. Nc4 Rad8 14. Re1 Ba6 15. Qc2 Rd7 16. Bf4 Nxf4 17. gxf4 Qxf4 18. Kh1 Qc7 19. Rad1 Rfd8 20. Qe2 Qf4 21. Ng1 Qc7 22. Nh3 Bb7 23. Ng5 Re7 24. Kg1 h6 25. Ne4 Red7 26. Qe3 Ne7 27. a5 Nf5 28. axb6 axb6 29. Qh3 Bd5 30. Ne3 Nxe3 31. Qxe3 Kf8 32. Qe2 Qf4 33. f3 h5 34. Nf2 Bb3 35. Ra1 Rd5 36. Ra3 Re5 37. Qf1 Rxe1 38. Qxe1 Bd5 39. Nh3 Qc7 40. Qf1 Be5 41. f4 Bxg2 42. Kxg2 Bg7 43. Qf3 Bf6 44. Ra8 Kg7 45. Rxd8 Qxd8 46. Nf2 Qc7 47. Ne4 Be7 48. Ng3 Bd6 49. Ne2 f5 50. Qe3 Kf6 51. Qf3 e5 52. fxe5+ Bxe5 53. h4 Qd6 54. Qe3 Kg7 55. d4 cxd4 56. cxd4 Bf6 57. Kh3 Qd5 58. Kg3 Qh1 59. Qf4 Qe1+ 60. Kf3 Qf1+ 61. Ke3 Qxf4+ 62. Nxf4 Bxh4 63. Nd5 Bd8 64. b4 g5 65. b5 h4 66. Kf2 Kf7 67. Ne3 Kf6 68. Kf3 Ke6 69. Ke2 h3 70. Kf2 Bc7 71. Kf3 g4+ 72. Kf2 g3+ 73. Kg1 Bf4 74. Nc4 Bc7 75. Ne3 f4 76. Nc2 Kd5 77. Kh1 Bd8 78. Nb4+ Kc4 79. Nc6 Bf6 80. d5 Kxd5 81. Nb4+ Ke4 82. Na6 Be5 83. Nb4 f3 84. Nc6 Bd4 85. Nb4 f2 86. Nd3 f1Q# 0-1

[Event "Vall del Tenes op 3rd"]
[Site "Santa Eulalia de Roncana"]
[Date "2014.05.02"]
[Round "2"]
[White "Riera Mestres, Josep"]
[Black "Cordomi Fons, Francesco"]
[Result "1-0"]
[WhiteElo "1791"]
[BlackElo "2047"]
[PlyCount "111"]
[EventDate "2014.04.25"]
[EventType "swiss"]
[EventRounds "8"]
[EventCountry "ESP"]
[SourceTitle "CBM 160 Extra"]
[Source "ChessBase"]
[SourceDate "2014.07.01"]
[SourceVersion "1"]
[SourceVersionDate "2014.07.01"]
[SourceQuality "1"]

1. Nf3 d5 2. d4 Bg4 3. Ne5 Bh5 4. Bf4 f6 5. Nd3 Nd7 6. Nd2 e6 7. c4 dxc4 8. Nxc4 Nb6 9. Nxb6 axb6 10. Qb3 Bf7 11. Qc3 Bd6 12. a3 Ne7 13. Bxd6 Qxd6 14. e3 Nd5 15. Qd2 0-0 16. g3 c5 17. dxc5 bxc5 18. Bg2 Rad8 19. Qe2 b6 20. Rd1 Qe7 21. 0-0 e5 22. Rd2 c4 23. Nc1 c3 24. Rd3 cxb2 25. Qxb2 Qc7 26. Ne2 Ne7 27. Rc1 Qa7 28. Rcd1 Rxd3 29. Rxd3 Bc4 30. Rd2 Qa6 31. Nc3 b5 32. Qb4 Nc6 33. Qb2 Na5 34. Bd5+ Bxd5 35. Rxd5 Nc4 36. Qxb5 Qxb5 37. Nxb5 Ra8 38. Rd3 Ra5 39. Rb3 Nd2 40. Rb4 f5 41. Kg2 g6 42. f3 e4 43. f4 Ra8 44. Kf2 Nf3 45. h4 Rd8 46. Nd4 Nh2 47. a4 Ng4+ 48. Ke2 Ra8 49. Nc6 Ra6 50. Nd4 Nf6 51. Kd2 Nd5 52. Rb5 Nb6 53. Rb1 Nc4+ 54. Kc3 Nxe3 55. Kb4 Nc2+ 56. Kb5 1-0

[Event "Vall del Tenes op 2nd"]
[Site "Vall del Tenes"]
[Date "2013.05.31"]
[Round "8"]
[White "Riera Mestres, Josep"]
[Black "Bouzas Arcos, Juan Manuel"]
[Result "0-1"]
[WhiteElo "1521"]
[BlackElo "1803"]
[PlyCount "58"]
[EventDate "2013.04.05"]
[EventType "swiss"]
[EventRounds "8"]
[EventCountry "ESP"]
[SourceTitle "EXT 2014"]
[Source "ChessBase"]
[SourceDate "2013.11.20"]
[SourceVersion "1"]
[SourceVersionDate "2013.11.20"]
[SourceQuality "1"]

1. d4 f5 2. Nf3 Nf6 3. Bf4 e6 4. e3 d5 5. Nbd2 Be7 6. Ne5 0-0 7. Be2 Nbd7 8. Ndf3 Ne4 9. 0-0 g5 10. Nxd7 Bxd7 11. Be5 g4 12. Nd2 Ng5 13. c4 Bf6 14. Bf4 c6 15. c5 Nf7 16. f3 e5 17. dxe5 Nxe5 18. fxg4 Nxg4 19. h3 Ne5 20. Bh5 Nd3 21. Bd6 Be7 22. Nb3 Nxb2 23. Qf3 Bxd6 24. cxd6 Kh8 25. Nc5 Bc8 26. Rab1 Qxd6 27. Nb3 Nc4 28. g4 Qe5 29. Kg2 Nxe3+ 0-1

[Event "Vall del Tenes op 2nd"]
[Site "Vall del Tenes"]
[Date "2013.05.24"]
[Round "7"]
[White "Riera Mestres, Josep"]
[Black "Nunez Ortiz, Damia"]
[Result "1/2-1/2"]
[WhiteElo "1521"]
[BlackElo "1669"]
[PlyCount "136"]
[EventDate "2013.04.05"]
[EventType "swiss"]
[EventRounds "8"]
[EventCountry "ESP"]
[SourceTitle "EXT 2014"]
[Source "ChessBase"]
[SourceDate "2013.11.20"]
[SourceVersion "1"]
[SourceVersionDate "2013.11.20"]
[SourceQuality "1"]

1. d4 Nf6 2. Bf4 e6 3. Nf3 c5 4. c3 Qb6 5. Qb3 Nc6 6. Qxb6 axb6 7. e3 Nh5 8. Bc7 cxd4 9. Nxd4 Nxd4 10. cxd4 Bb4+ 11. Nd2 Ba5 12. a3 d5 13. Bb5+ Bd7 14. Bxd7+ Kxd7 15. Bg3 Rhc8 16. Ke2 b5 17. Rac1 Bxd2 18. Kxd2 Rc4 19. Bh4 Nf6 20. f3 b4 21. Rxc4 dxc4 22. axb4 Ra2 23. Rb1 Nd5 24. e4 Nc7 25. Kc3 b5 26. Be1 Na6 27. Kc2 Nc7 28. Bc3 f6 29. f4 Na8 30. h4 Nb6 31. g4 Ke7 32. f5 Nc8 33. fxe6 Kxe6 34. d5+ Ke7 35. h5 h6 36. Bd4 Ra6 37. Kc3 Kd7 38. Rf1 Ke8 39. Kd2 Nd6 40. Ke3 Nf7 41. Bc3 Ke7 42. Kd4 Ne5 43. Kc5 Ra8 44. Bxe5 fxe5 45. Kxb5 Ra2 46. Rf5 Rxb2 47. Kxc4 Kd6 48. Rf7 Re2 49. Kd3 Rb2 50. Rxg7 Rxb4 51. Rg6+ Kc5 52. Rc6+ Kb5 53. Rc8 Rd4+ 54. Ke3 Rd1 55. Rc2 Rg1 56. d6 Rg3+ 57. Kd2 Rg2+ 58. Kc3 Rg3+ 59. Kb2 Rd3 60. Rg2 Rxd6 61. g5 hxg5 62. Rxg5 Re6 63. Rg6 Re8 64. Rd6 Kc4 65. Kc2 Rh8 66. h6 Kc5 67. Rd5+ Kc4 68. Rxe5 Rxh6 1/2-1/2

[Event "Vall del Tenes op 2nd"]
[Site "Vall del Tenes"]
[Date "2013.05.17"]
[Round "6"]
[White "Valls Matheu, Albert"]
[Black "Riera Mestres, Josep"]
[Result "0-1"]
[WhiteElo "1700"]
[BlackElo "1521"]
[PlyCount "52"]
[EventDate "2013.04.05"]
[EventType "swiss"]
[EventRounds "8"]
[EventCountry "ESP"]
[SourceTitle "EXT 2014"]
[Source "ChessBase"]
[SourceDate "2013.11.20"]
[SourceVersion "1"]
[SourceVersionDate "2013.11.20"]
[SourceQuality "1"]

1. e4 e5 2. Nf3 Nc6 3. Bc4 d6 4. d3 Na5 5. Bxf7+ Kxf7 6. Ng5+ Ke7 7. Qf3 Nf6 8. h3 h6 9. b4 Nc6 10. Nc3 Nd4 11. Nd5+ Ke8 12. Qd1 hxg5 13. Bxg5 Be7 14. c3 Nxd5 15. Bc1 Nxc3 16. Qd2 Na4 17. Qd1 Nb6 18. Rb1 Be6 19. Rb2 Qd7 20. Bd2 Bf6 21. Bc3 Nc6 22. Kd2 Ne7 23. Rb1 Ng6 24. Kc1 Qc6 25. Qd2 Na4 26. b5 Qxc3+ 0-1